000 00610cam a2200229 4500
001 B2423
008 090401t1989 xxu||||| |||| 00| 0 eng d
035 _a(Sirsi) u49949
041 _aeng
050 _a336.185
100 _aGregory, Michael
245 _aRating and the Local Government Finance Act 1988 :community charges and non-domestic rating
260 _aLondon
_bCountry Landowners Association
_c1989
300 _a15p. ; 21cm.
350 _a3
650 _aCOMMUNITY CHARGE
650 _aNON-DOMESTIC RATES
650 _aPOLL TAX
650 _aRATES
942 _n0
948 _c04/03/1997
999 _c92631
_d92631